000 00683nam a2200229 a 4500
001 BRCA_7219
005 20190320205745.0
008 170112s1940----u--af#####---#000-0#eng-#
041 _aeng
044 _au
050 4 _aN7301
_b.E26
245 1 0 _aEarly Indian and Indonesian art
_cedited by Benjamin Rowland.
260 _aNewton, Mass
_bThe University Prints
_c[1940]
300 _a1 estuche con láminas
_bil., 85 láminas
_c21 cm.
440 0 _aUniversity Prints. Oriental art. Series O
_vsection I
_917886
500 _aP115
650 1 4 _aArte hindu
_917887
650 1 4 _aArte indonesio
_917888
700 1 _aRowland, Benjamin
_eed.
_917889
902 _aGFM
942 _2lcc
_cB
999 _c6900
_d6900